Welcome to the Holygrace Academy Library

Please use search bar below to get started

COMPUTER SCIENCE WITH PYTHON (Record no. 7801)

MARC details
000 -LEADER
fixed length control field 00323nam a22001337a 4500
020 ## - INTERNATIONAL STANDARD BOOK NUMBER
ISBN 978-81-7700-230-0
082 ## - DEWEY DECIMAL CLASSIFICATION NUMBER
Classification number 004
Item number ARO/C
100 ## - MAIN ENTRY--AUTHOR NAME
Personal name ARORA, SUMITA
245 ## - TITLE STATEMENT
Title COMPUTER SCIENCE WITH PYTHON
260 ## - PUBLICATION, DISTRIBUTION, ETC. (IMPRINT)
Place of publication NEW DELHI
Name of publisher DHANPAT RAI & CO
Year of publication 2019
300 ## - PHYSICAL DESCRIPTION
Number of Pages 528
520 ## - SUMMARY, ETC.
Summary, etc COMPUTER SCIENCE WITH PYTHON
942 ## - ADDED ENTRY ELEMENTS (KOHA)
Koha item type Books
Holdings
Withdrawn status Lost status Collection code Home library Current library Shelving location Date acquired Source of acquisition Cost, normal purchase price Full call number Accession Number Koha item type
    Reference Main Library Main Library SELF 11 E PLUS ONE INFORMATIC PRACTICE &COMMERCE 27/11/2023 Purchase 550.00 004 ARO/C 13488 Books